<?xml version="1.0" encoding="UTF-8"?>
<record
    xmlns:xsi="http://www.w3.org/2001/XMLSchema-instance"
    xsi:schemaLocation="http://www.loc.gov/MARC21/slim http://www.loc.gov/standards/marcxml/schema/MARC21slim.xsd"
    xmlns="http://www.loc.gov/MARC21/slim">

  <leader>00981nam a22001457a 4500</leader>
  <datafield tag="999" ind1=" " ind2=" ">
    <subfield code="c">527946</subfield>
    <subfield code="d">527946</subfield>
  </datafield>
  <controlfield tag="008">241009b           ||||| |||| 00| 0 eng d</controlfield>
  <datafield tag="100" ind1=" " ind2=" ">
    <subfield code="a">Srivastava, Jintendra </subfield>
    <subfield code="9">59175</subfield>
  </datafield>
  <datafield tag="245" ind1=" " ind2=" ">
    <subfield code="a">Swachh Bharat Mission: Impact on rural sanitation &amp; Smart approach for sustained sanitation success  </subfield>
  </datafield>
  <datafield tag="260" ind1=" " ind2=" ">
    <subfield code="a">Yojana </subfield>
  </datafield>
  <datafield tag="300" ind1=" " ind2=" ">
    <subfield code="a">68(10), Oct, 2024: p.7-12</subfield>
  </datafield>
  <datafield tag="520" ind1=" " ind2=" ">
    <subfield code="a">The success of SBM likes not only in the infrastructure it cares but in the values It instills making cleanliness a shared responsibility for every citizen. This cultural shift is key to ensuring that the gains made under SBM are sustained for generations to come. As India works towards the gals of Viksit Bharat 2047 a developed India by its centenary of Independence the Swachh Bharat mission will continue to play a critical role in improving public health, empowering women, protecting the environment, and driving economic growth. &#x2013; Reproduced   </subfield>
  </datafield>
  <datafield tag="773" ind1=" " ind2=" ">
    <subfield code="a">Yojana </subfield>
  </datafield>
  <datafield tag="906" ind1=" " ind2=" ">
    <subfield code="a">SANITATION</subfield>
  </datafield>
  <datafield tag="942" ind1=" " ind2=" ">
    <subfield code="c">AR</subfield>
  </datafield>
  <datafield tag="952" ind1=" " ind2=" ">
    <subfield code="0">0</subfield>
    <subfield code="1">0</subfield>
    <subfield code="2">ddc</subfield>
    <subfield code="4">0</subfield>
    <subfield code="7">0</subfield>
    <subfield code="9">403027</subfield>
    <subfield code="a">IIPA</subfield>
    <subfield code="b">IIPA</subfield>
    <subfield code="d">2024-10-09</subfield>
    <subfield code="h">68(10), Oct, 2024: p.7-12</subfield>
    <subfield code="p">AR133377</subfield>
    <subfield code="r">2024-10-09</subfield>
    <subfield code="y">AR</subfield>
  </datafield>
</record>
